000 00635nam a2200241Ia 4500
003 0100
008 130227s9999 xx 000 0 und d
020 _a9781845112998
040 _cARRUPELIB
050 _aHD9539.C7Z338 2007
100 _aLarmer, Miles
245 _aMineworkers in Zambia
245 _bLabour and political change in post-colonial Africa
260 _aLondon
260 _bTauris Academic Studies
260 _C2007
300 _aviii
300 _b 270p 22cm
440 _aInternational library of African studies n.18
650 _bPhilosophy and religion
650 _cHappiness
942 _2lcc
_01
999 _c5227
_d5227